|
|
|
|
| LEADER |
00000cjm a2200000 a 4500 |
| 001 |
INS-PIA 045 |
| 005 |
20230308201122.0 |
| 008 |
006102| ||||||||r|||||||||||spa|| |
| 040 |
|
|
|b spa
|
| 041 |
1 |
|
|a eng
|
| 082 |
0 |
|
|b Sia108
|
| 100 |
1 |
|
|a Ligeti, Gyorgy
|9 80692
|
| 245 |
|
|
|a Works for piano, Etudes, música ricercata
|c Gyorgy Ligeti
|h cd
|
| 300 |
|
|
|a 1 disco compacto sonoro
|c 12 cm
|e Digital stereo
|
| 500 |
|
|
|a Disco de audio fotocopia
|
| 505 |
|
|
|a 1-6 Etudes pour Piano (premier livre).-- 7-14 Etudes pour piano (deuxieme livre).-- 15-25 Musica ricercata.-- 26. Etudes pour piano
|
| 653 |
|
|
|a Grabación sonora para piano
|
| 650 |
1 |
|
|a Cd musica
|9 80622
|
| 650 |
1 |
|
|a Piano
|9 51420
|
| 650 |
1 |
|
|a Gyorgy ligeti
|9 80694
|
| 852 |
|
|
|a UC-YANUNCAY
|c SALA 2 ARTES
|f Donación
|k jhoanna.mogollon
|l 1
|m General
|p 20061025
|q 2.00
|t INS-PIA 045
|b 0
|d CDRY
|e CDRY
|g Sia108 SALA 2 ARTES
|z 2006-61-02
|
| 942 |
|
|
|c CF
|
| 999 |
|
|
|c 93947
|d 93947
|